000 00441nam a2200181Ia 4500
005 20240703054517.0
008 240331s9999 xx 000 0 und d
020 _a0852265271
082 _a150
_bLIN
100 _aLindgren, H.C
245 4 _aAn introduction to Social psychology
250 _a2nd
260 _aNew Delhi
_bWiley Eastern Limited
_c1973
300 _axiv, 497 p .,
650 _aSocial
650 _aPsychology
942 _cL
999 _c735
_d735